| 000 | 00862cab a2200181 4500 | ||
|---|---|---|---|
| 001 | ##L131639 | ||
| 008 | 051122n2005 000 0 eng u | ||
| 035 | _a(Sirsi) u131639 | ||
| 041 | 0 | _aeng | |
| 100 | 1 | _aGale, Steve | |
| 245 | 0 | 0 | _aFacing up to IFRS |
| 260 | _c2005 | ||
| 490 | 0 |
_aAccountancy _v136(1347) November 2005, 92-93(2) |
|
| 520 | _aAs the financial reporting framework is subject to continuous revision, limited liability partnerships are facing new challenges in the preparation of the annual accounts. Discusses the impact of the introduction of International Financial Reporting Standards, which although not currently compulsory, are expected to apply to accounting periods ending or after March 2006. | ||
| 590 | _aIKA221105 | ||
| 690 | _aMANAGEMENT-BUSINESS MANAGEMENT-FINANCIAL MANAGEMENT-ACCOUNTING-FINANCIAL REPORTING | ||
| 942 | _n0 | ||
| 999 |
_c76214 _d76214 |
||